000 00713nam a22002177a 4500
005 20230124145147.0
008 230124b mx ||||| |||| 00| 0 spa d
020 _a9786074173260
050 0 4 _aCD947
_bN38 2015
100 1 _aNava Murcia, Ricardo
245 1 0 _aDeconstruir el archivo :
_bla historia, la huella, la ceniza /
_cRicardo Nava Murcia
250 _aPrimera edición
260 _aMéxico :
_bUniversidad Iberoamericana,
_c2015
300 _a166 paginas ;
_c23 cm.
490 0 _aEl oficio de la historia
504 _aBibliografía: p. 161-166.
650 7 _2lemb
_aArchivos
_xFilosofía
650 7 _2lemb
_aHistoria
_xFilosofía
650 7 _2lemb
_aHistoria
_xFuentes
942 _2lcc
_cLIB
999 _c165834
_d165832